European Cities with the Most High-rise Buildings - Statistics

General Stats
  • This quiz has been taken 422 times
    410 since last reset
  • The average score is 42 of 61
Answer Stats
# on list Number of high-rise buildings City % Correct
4 246 London
99%
1 377 Moscow
98%
5 149 Paris
98%
14 48 Berlin
97%
16 43 Madrid
97%
17 38 Barcelona
94%
11 58 Milan
94%
6 102 St. Petersburg
94%
8 74 Frankfurt (am-Main)
92%
12 51 Amsterdam
90%
35 16 Lisbon
90%
15 47 Manchester
90%
31 17 Stockholm
90%
10 60 Warsaw
90%
28 18 Munich
89%
12 51 Vienna
89%
17 38 Brussels
88%
3 298 Istanbul
88%
2 374 Kiev
88%
26 19 Hamburg
87%
35 16 Bucharest
86%
24 21 Birmingham
84%
35 16 Copenhagen
84%
47 14 Prague
84%
47 14 Zurich
84%
31 17 Naples
83%
51 13 Helsinki
82%
31 17 Cologne
80%
40 15 Sofia
80%
9 69 Rotterdam
79%
40 15 Belgrade
77%
57 10 Zagreb
75%
22 25 Minsk
74%
40 15 Riga
70%
55 11 Tallinn
69%
28 18 Valencia
69%
51 13 Dusseldorf
68%
19 36 Bratislava
67%
57 10 Leeds
67%
54 12 Vilnius
66%
40 15 Antwerp
65%
20 31 The Hague
61%
26 19 Odessa
59%
55 11 Tirana
56%
57 10 Gothenburg
51%
21 29 Bilbao
49%
28 18 Monaco
49%
35 16 Donetsk
47%
23 23 Genoa
46%
57 10 Kazan
43%
47 14 Rostov-on-Don
43%
47 14 Utrecht
42%
57 10 Basel
40%
51 13 Dnipro
38%
40 15 Eindhoven
33%
25 20 Katowice
33%
40 15 Perm
29%
40 15 Samara
29%
7 85 Benidorm
15%
31 17 Kharkov
12%
35 16 Brovary
2%
No matching quizzes found
Score Distribution
Percent of People with Each Score
Percentile by Number Answered
Your Score History
You have not taken this quiz since the last reset